【圖解】不斷醣瘦更快 (Record no. 7545)

MARC details
000 -LEADER
fixed length control field 01092cam a2200289 4500
001 - CONTROL NUMBER
control field 173877
003 - CONTROL NUMBER IDENTIFIER
control field YEEZEN
005 - DATE AND TIME OF LATEST TRANSACTION
control field 20240426104145.0
008 - FIXED-LENGTH DATA ELEMENTS--GENERAL INFORMATION
fixed length control field 181226s2018 ch a g 000 0 chi d
020 ## - INTERNATIONAL STANDARD BOOK NUMBER
International Standard Book Number 9789863429531
Qualifying information (平裝) :
Terms of availability NT$300
040 ## - CATALOGING SOURCE
Original cataloging agency NQU
Description conventions CCR2
Transcribing agency TW
041 0# - LANGUAGE CODE
Language code of text/sound track or separate title chi
042 ## - AUTHENTICATION CODE
Authentication code nbic
044 ## - COUNTRY OF PUBLISHING/PRODUCING ENTITY CODE
MARC country code ch
084 ## - OTHER CLASSIFICATION NUMBER
Classification number 411.94
Number source ncsclt
090 ## - LOCALLY ASSIGNED LC-TYPE CALL NUMBER (OCLC); LOCAL CALL NUMBER (RLIN)
Classification number (OCLC) (R) ; Classification number, CALL (RLIN) (NR) 411.94
100 1# - MAIN ENTRY--PERSONAL NAME
Personal name 森拓郎
Relator term
245 10 - TITLE STATEMENT
Title 【圖解】不斷醣瘦更快
Remainder of title 2個月讓47種難瘦女子健康瘦下10公斤!
Statement of responsibility, etc. 森拓郎著
250 ## - EDITION STATEMENT
Edition statement 初版
260 ## - PUBLICATION, DISTRIBUTION, ETC.
Place of publication, distribution, etc. 臺北市
Name of publisher, distributor, etc. 三采文化
Date of publication, distribution, etc. 2018.06
300 ## - PHYSICAL DESCRIPTION
Extent 198面
Other physical details
Dimensions 21公分
500 ## - GENERAL NOTE
General note 台灣是美食王國也是澱粉大國,雖然現在是「限醣」和「生酮」的風潮,   但減肥者最真實的心聲是,我就是無法「斷醣」,而且無法維持一輩子! 日本百萬減肥暢銷書作者最新作! 減肥,根本不需要毅力,吃醣也能2個月-10kg的終極減肥術。
650 10 - SUBJECT ADDED ENTRY--TOPICAL TERM
Topical term or geographic name entry element 健康食品
Source of heading or term lcstt.
650 10 - SUBJECT ADDED ENTRY--TOPICAL TERM
Topical term or geographic name entry element 減重
Source of heading or term lcstt.
700 1# - ADDED ENTRY--PERSONAL NAME
Personal name 賴惠鈴
Relator term
942 ## - ADDED ENTRY ELEMENTS (KOHA)
Source of classification or shelving scheme 中文圖書分類法
Koha item type 一般圖書
Holdings
撤銷狀態 遺失狀態 分類號來源 損壞狀態 不外借 永久館藏地 現在館藏地 書架位置 採購日期 全部借出 全部續借 完整索書號 條碼號 最後一次日期記錄 Date last checked out 一般價格有效日期 Koha館藏類型 公開資訊
未註銷館藏 未遺失 中文圖書分類法 未損毀 可外借 怡仁綜合醫院圖書館 怡仁綜合醫院圖書館   2024-04-26 5 1 411.94 C03125 2024-10-16 2024-10-07 2024-04-26 一般圖書 台灣是美食王國也是澱粉大國,雖然現在是「限醣」和「生酮」的風潮, 但減肥者最真實的心聲是,我就是無法「斷醣」,而且無法維持一輩子! 日本百萬減肥暢銷書作者最新作! 減肥,根本不需要毅力,吃醣也能2個月-10kg的終極減肥術。
怡仁醫院| 地址:32643桃園市楊梅區楊新北路321巷30號 | 服務專線:03-4855566 | 電子郵件信箱:
Copyright © 1996 CHC Hospital